000 00533nam a22001817a 4500
005 20251108165520.0
008 250721s2001 xx 000 0 ara d
082 1 4 _a811.9565/حجا
100 1 _aالحجاوي، حمد سلمان
245 1 0 _aرصاصة من الشباك /
264 1 _aعمان :
_bدار الياقوت للنشر و التوزيع،
_c2001.
300 _a81ص.
650 1 7 _aالشعر العربي
650 1 7 _aالأردن
650 1 7 _aالشعر الحديث
942 _2ddc
_cBK
999 _c29756
_d29756